Des heiligen Kirchenlehrers Petrus Chrysologus Ausgewählte Predigten /

Hlavní autor: Petr Chrysologus, svatý, asi 400-450
Jazyk: Němčina
Vydáno: München : Josef Kösel & Friedrich Pustet, 1923
Edice: Bibliothek der Kirchenväter
Témata:
Fyzický popis: vii, 352 s. ; 20 cm
Knihy
Uloženo v:
LEADER 02027nam a2200541 a 4500
001 000934848
003 CZ BrMZK
005 20140910123249.0
007 ta
008 090306s1923 gw e 000 0dger
040 |a BOA001  |b cze 
041 1 |a ger  |h lat 
045 |a i-i- 
072 7 |a 27-9  |x Dějiny křesťanské církve  |2 Konspekt  |9 5 
080 |a 27-36  |2 MRF 
080 |a 27-33-285  |2 MRF 
080 |a 27-9"01/07"-284-051(=124)  |2 MRF 
080 |a 27-9"01/07"-284  |2 MRF 
080 |a 27-9"00"  |2 MRF 
080 |a 27-1  |2 MRF 
080 |a (0:82-9)  |2 MRF 
080 |a (081.1)  |2 MRF 
080 |a (0.072)  |2 MRF 
100 0 |a Petr Chrysologus,  |c svatý,  |d asi 400-450  |7 mzk2003199520  |4 aut 
245 1 4 |a Des heiligen Kirchenlehrers Petrus Chrysologus Ausgewählte Predigten /  |c aus dem Lateinischen übersetzt von G. Böhmer 
246 3 0 |a Ausgewählte Predigten 
260 |a München :  |b Josef Kösel & Friedrich Pustet,  |c 1923 
300 |a vii, 352 s. ;  |c 20 cm 
490 1 |a Bibliothek der Kirchenväter ;  |v Bd. 43 
504 |a Obsahuje bibliografické odkazy 
600 1 7 |a Petr Chrysologus,  |c svatý,  |d ca 400-450  |7 mzk2003199520  |2 czenas 
648 7 |a 5. století  |7 ch460543  |2 czenas 
650 0 7 |a křesťanští světci  |7 ph115082  |y 5. stol.  |2 czenas 
650 0 7 |a církevní učitelé  |7 ph119304  |y 5. stol.  |2 czenas 
650 0 7 |a latinští církevní otcové  |7 ph122212  |y 5. stol.  |2 czenas 
650 0 7 |a patristika  |7 ph115696  |y 5. stol.  |2 czenas 
650 0 7 |a patristické texty  |7 ph117251  |y 5. stol.  |2 czenas 
650 0 7 |a rané křesťanství  |7 ph125028  |y 5. stol.  |2 czenas 
650 0 7 |a křesťanská teologie  |7 ph115064  |y 5. stol.  |2 czenas 
655 7 |a texty  |7 fd133699  |2 czenas 
655 7 |a sebrané spisy  |7 fd133355  |2 czenas 
655 7 |a komentovaná vydání  |7 fd132577  |2 czenas 
830 0 |a Bibliothek der Kirchenväter 
910 |a BOA001  |b 1-1222.033 
990 |a BK 
993 |a Y 
991 |b 200904 
996 7 |b 2610373276  |c 1-1222.033  |l MZK  |r Sklad / do 1 hodiny  |n 0  |p dar  |w 000934848  |u 000010  |a 1  |e BOA001  |j MZK50  |s A